000
00283 a2200133 4500
000
nam a22 7a 4500
100
_a
MOC
110
_a
MOC
245
_a
Treasures: National Museum New Delhi
250
_a
latest edition
260
_b
Niyogi
264
_b
Niyogi
942
_c
BK
999
_c
313049
_d
313049